Normal view
MARC view
- Monetary policy.
Entry Topical Term
001 - CONTROL NUMBER
- control field: 18146
003 - CONTROL NUMBER IDENTIFIER
- control field: NUST
005 - DATE AND TIME OF LATEST TRANSACTION
- control field: 20190718145500.0
008 - FIXED-LENGTH DATA ELEMENTS
- fixed length control field: 190718|| aca||aabn | a|a d
040 ## - CATALOGING SOURCE
- Original cataloging agency: NUST
- Transcribing agency: NUST
150 ## - HEADING--TOPICAL TERM
- Topical term or geographic name entry element: Monetary policy.
670 ## - SOURCE DATA FOUND
- Source citation: Work cat.: (NUST)0: Walsh, Carl E. 18145, Monetary theory and policy /
